000 00763nam a2200205Ia 4500
003 IN-BaIIA
008 211028s9999 xx 000 0 eng d
040 _cIIA Library
080 _a081:53
_bGIB-2
100 _aGibbs, Willard J.
_94645
245 4 _aThe scientific papers of J. William Gibbs
_bvol. 2, dynamics, vector analysis and multiple algebra, electromagnetic theory of light etc.
_cintr. by William Raymond Longley and Ralph Gibbs Van Name
260 _aNew York
_bDover Publications
_c1961
300 _aviii, 284p.
490 _aDover books on physics engineering and astronomy
650 _aCollected Works-J W Gibbs
_94646
650 _aNASA thesaurus
700 _aLongley, William Raymond
_94647
700 _aRalph Gibbs Van
_94648
942 _cBK
999 _c2618
_d2618